|
|
|
|
| LEADER |
00000nab a2200000 a 4500 |
| 001 |
vtls000220767 |
| 003 |
SK-MaSNL |
| 005 |
20260304120915.0 |
| 008 |
150501c1985 xo 0 slo |
| 015 |
|
|
|a SNBRB19rr/mm-uuuuu
|
| 035 |
|
|
|a CL0230881
|
| 040 |
|
|
|a SNKBUCL
|b slo
|c SNKBUCL
|e AACR2
|
| 041 |
0 |
|
|a slo
|
| 044 |
|
|
|a xo
|c SK
|
| 080 |
|
|
|a 711.432
|2 1981
|
| 080 |
|
|
|a 72
|2 1981
|
| 100 |
1 |
|
|a Gáfriková, Oľga,
|d 1958-
|4 aut
|9 89326
|
| 245 |
1 |
0 |
|a Architektúra nie je márnivosť
|c Oľga Gáfriková
|
| 650 |
0 |
7 |
|a Berlín (Nemecko)
|2 snkbucl
|9 1425354
|
| 650 |
0 |
7 |
|a urbanizácia
|2 snkbucl
|9 24028
|
| 650 |
0 |
7 |
|a architektúra
|2 snkbucl
|9 722
|
| 655 |
|
7 |
|a články z novín a časopisov
|2 snkbucl
|9 267496
|
| 773 |
0 |
|
|t Nové slovo
|g Roč. 27, č. 27 (1985)
|
| 850 |
|
|
|a Slovenská národná knižnica v Martine
|a MTA001
|
| 852 |
|
|
|a SNK
|b KIS3GCP
|
| 958 |
|
|
|a RK
|
| 958 |
|
|
|a DE
|
| 992 |
|
|
|a RBX
|
| 999 |
|
|
|c 2882200
|d 2884130
|